| 000 | 00697nam a2200217Ia 4500 | ||
|---|---|---|---|
| 003 | GCL | ||
| 008 | 140319s9999 xx 000 0 ara d | ||
| 040 |
_aGCL / _cGCL |
||
| 082 | 0 | 4 |
_a322.43 _bى م |
| 100 | 1 |
_aيوسف الحسن _vClassifier _@ _٠صÙÙ |
|
| 245 | 1 | 0 |
_aمن اوراق واشنطن / _cيوسف الحسن |
| 260 |
_a[S.N] : _bدار المستقبل العربى ، _c1986 |
||
| 300 | _a214 ص | ||
| 490 | _a | ||
| 650 | 0 | 4 | _aالاحوال السياسية |
| 650 | 0 | 4 | _aالنزاع العربى الاسرائيلى |
| 650 | 0 | 4 | _aفلسطين |
| 650 | 0 | 4 | _aالولايات المتحدة الامريكية |
| 650 | 0 | 4 | _aالصهيونية |
| 942 |
_2ddc _cBK |
||
| 999 |
_c55561 _d55561 |
||